000 00300nam a2200121Ia 4500
008 210716s9999 xx 000 0 und d
041 _aeng
082 _a004 ACTI
100 _aACT
245 _aReference manual.
260 _bMerriam Webster Inc
650 _aData processing, Computer science(004)
999 _c180627
_d180627